00550nam a2200169Ia 450000500170000000800410001702000080005808200130006610000240007924500280010326000350013130000130016650000850017994200060026495200950027099900150036520241107015032.0240331s9999 xx 000 0 und d a  bHETa823 aHettiarachchi, A. M 2aA Sinhalese and A Tamil aColombobSt Joseph pressc1958 a117 p ., aThe incidents reported in this book are true but the characters are fictitious. cL 001040708LaWERCLbWERCLcSSCd2024-03-31l0o 823 HETp6710r2024-03-31w2024-03-31yL c5734d5734